000 00322nam a2200133Ia 4500
008 191201s2005 xx 000 0 und d
082 _a530.12
_bPOQ
100 _aPOWELL, John
245 0 _aQuantum Mechanics
260 _aN.Delhi
_bNarosa Publication House
_c2005
300 _a508
650 _aB.Tech(ME)
942 _2ddc
_cBK
999 _c951
_d951